Financial development of the United States.

Bibliographic Details
Main Author: Shultz, William J. (William John), 1902-1970
Other Authors: Cain, M. R.
Format: Book
Language:English
Published: New York : Prentice-Hall, 1937.
Subjects:

MARC

Tag First Indicator Second Indicator Subfields
LEADER 00000cam a2200000 4500
001 in00000069213
005 20151008051411.0
008 720602s1937 nyu 00000 eng u
010 |a  37021952  
035 |a (OCoLC)00323119 
035 |9 AAG7643AM 
040 |c YNG  |d OCL  |d TXA  |d UtOrBLW 
049 |a TXAM  |c [110610] 
050 0 |a HG181  |b .S45 
092 |a 332  |b S562f 
100 1 |a Shultz, William J.  |q (William John),  |d 1902-1970. 
245 1 0 |a Financial development of the United States. 
264 1 |a New York :  |b Prentice-Hall,  |c 1937. 
300 |a 757 pages :  |b illustrations, diagrams 
336 |a text  |b txt  |2 rdacontent 
337 |a unmediated  |b n  |2 rdamedia 
338 |a volume  |b nc  |2 rdacarrier 
500 |a "Suggested readings": pages 721-745. 
650 0 |a Finance  |z United States  |x History. 
650 0 |a Banks and banking  |z United States  |x History. 
650 0 |a Finance  |z Confederate States of America. 
700 1 |a Cain, M. R. 
999 |a MARS 
999 f f |s 976e9507-bf1e-304c-a657-b83b729440d4  |i d519eeeb-d640-34e9-a623-6e0ef41e4684  |t 0 
952 f f |p ric  |a Texas A&M University  |b Rellis Campus  |c Joint Library Facility  |d Remote Storage  |t 0  |e HG181 .S45  |h Library of Congress classification  |i unmediated -- volume  |m A14800726962 
998 f f |a HG181 .S45  |t 0  |l Remote Storage